000 01431nam a2200289 a 4500
001 22
003 BD-JhCC
005 20231113104824.0
008 170924s2006 ii a j 000 f eng
020 _a8187233702
035 _a(BD-JhCC)22
040 _aANL
_dANL
_dBD-JhCC
_cBD-JhCC
041 _aeng
082 0 4 _a823.8
_222
_bCAR 2006
100 1 _aCarroll, Lewis,
_d1832-1898.
240 1 0 _aAlice's adventures in Wonderland
245 1 0 _aAlice in Wonderland /
_cby Lewis Carroll ; illustrated by Eric Kincaid.
260 _aNew Delhi :
_bInfinity Books,
_c2006
300 _a208 p. :
_bill. ;
_c24 cm.
500 _aFirst published: Rowville, Vic. : Brimax Books, 1988.
500 _a"CD produced by Spoken Word Productions"--T.p. verso.
520 _aIn 1865, Charles Lutwidge Dodson composed a fantasy tale for a trio of young sisters. His creative genius and childlike ability to imagine a universe like no other took form in one of the most treasured children’s books of all time. Under the pen-name of Lewis Carroll, Dodson’s tale of an intrepid little girl who discovers a surreal, beautiful, and dangerous land would has shared its magic with generations of readers. His Cheshire Cat, Mad Hatter, and Queen of Hearts have become cultural icons, to say nothing of the heroic young Alice herself.
650 0 _aFantasy fiction.
700 1 _aKincaid, Eric.
942 _2ddc
_cBK
_05
999 _c22
_d22